Manual técnico de la construcción: gestión de la prevención de riesgos laborales y de la protección del medio ambiente

Guardat en:
Dades bibliogràfiques
Autor corporatiu: Mutua Universal (autor), Mutual de Seguridad (autor)
Format: Llibre
Idioma:espanyol
Publicat: Barcelona, España Dosat 2000 2003
Edició:Segunda edición
Matèries:
Etiquetes: Afegir etiqueta
Sense etiquetes, Sigues el primer a etiquetar aquest registre!

MARC

LEADER 00000nam a2200000 a 4500
001 UCI1612
003 CL-VaPUC
005 20240906111735.0
008 070706e20030000SP |||||||||||||||||spa|d
999 |c 326394  |d 326392 
020 |a 8495312859 
040 |c Pontificia Universidad Católica de Valparaíso 
082 0 4 |a 331.2596 MUT 2003  |2 21 
110 2 |a Mutua Universal  |e autor  |9 522230 
245 1 0 |a Manual técnico de la construcción: gestión de la prevención de riesgos laborales y de la protección del medio ambiente 
250 |a Segunda edición 
260 0 3 |a Barcelona, España  |b Dosat 2000  |c 2003 
300 |a 596 páginas 
500 |a Incluye un Cd-rom 
583 |a last modification  |c 20070706 00:00:00  |k Rodrigo Vera 
650 0 |a Seguridad laboral   |9 462968 
650 0 |a Medidas de seguridad  |9 264085 
650 0 |a Prevención de accidentes   |9 262912 
650 0 |a Seguridad social  |9 255322 
650 0 |a Accidentes de trabajo  |9 254901 
650 0 |a Enfermedades profesionales  |9 368084 
650 7 |a PREVENCION DE RIESGO PROFESIONAL  |2 CL-VaPUC  |9 522232 
650 0 |a Protección del medio ambiente  |9 257626 
710 2 |a Mutual de Seguridad  |e autor  |9 522231 
942 |c BK  |2 ddc 
945 |d 20070706 00:00:00  |a jtorresc 
952 |0 0  |1 0  |2 ddc  |4 0  |6 331_259600000000000_MUT_2003  |7 0  |8 A  |9 408260  |a BIBING  |b BIBING  |d 2019-11-22  |i 4354176  |o 331.2596 MUT 2003  |p 4354176  |r 2025-01-20  |t 1  |w 2019-11-22  |y BK  |k CCL